Kto zrobił tę piosenkę z lat 90. #2 - Statystyki

Ogólne statystyki
  • Ten quiz został rozwiązany 23 razy
  • Średni wynik to 7 z 24
Statystyki odpowiedzi
Rok Piosenka Zespół lub artysta % Poprawnych
1992 I Will Always Love You Whitney Houston
89%
1998 Baby One More Time Britney Spears
72%
1999 Livin' La Vida Loca Ricky Martin
67%
1994 Kiss From a Rose Seal
56%
1992 Tears in Heaven Eric Clapton
50%
1990 Nothing Compares 2 U Sinead O'Connor
44%
1995 Macarena Los del Rio
39%
1990 Ice Ice Baby Vanilla Ice
39%
1992 Friday I'm in Love The Cure
33%
1996 Un-Break My Heart Toni Braxton
33%
1997 Tubthumping Chumbawamba
28%
1995 Ironic Alanis Morissette
22%
1997 MMMBop Hanson
22%
1993 I'd Do Anything for Love (But I Won't Do That) Meat Loaf
22%
1992 Jeremy Pearl Jam
22%
1993 The Sign Ace of Base
17%
1996 1979 Smashing Pumpkins
11%
1998 Rosa Parks Outkast
6%
1994 Gin and Juice Snoop Dogg
6%
1990 Istanbul (Not Constantinople) They Might Be Giants
6%
1994 Undone - The Sweater Song Weezer
6%
1997 Foolish Games Jewel
0%
1998 Closing Time Semisonic
0%
1997 Walkin' on the Sun Smash Mouth
0%
Nie znaleziono quizów pasujących do podanych kryteriów
Rozkład punktacji
Procent ludzi z każdym wynikiem
Percentyl według liczby udzielonych odpowiedzi
Twoja historia wyników
Nie rozwiązałeś tego quizu